00745 2200253 4500001002100000005001500021035002000036007000300056008004100059020002200100082000800122084001400130100002700144245012900171250001000300260003600310300002700346650003200373700002600405700002000431700001500451700001500466990001000481INLIS00000000000005320190902030855 a0010-0917000039ta190902 f 0 ind  a987-602-8074-74-2 a297 a297 AHM s0 aAHMAD, Lutfi Fathullah1 aSelangkah Lagi Anda Masuk Surga /cAhmad Lutfi Fathullah; editor, Nanang Ni'amurrahman, Fakhron Fillah, Nur Wahid, Aya Yahya acet.1 aJakarta :bNiaga Swadaya,c2014 axx, 742 hlm. ;c24 cm. 4aISLAM SEBAGAI PEDOMAN HIDUP0 aNANANG, Ni'amurrahman0 aFAKHRON, Fillah0 aNUR, Wahid0 aAYA, Yahya a16329